| 000 | 00612cam a22002411 4500 | ||
|---|---|---|---|
| 001 | sa 64002733 | ||
| 003 | DLC | ||
| 005 | 20260227112011.0 | ||
| 008 | 890925m19629999ii b 000 0 beno | ||
| 010 | _asa 64002733 | ||
| 035 | _a(OCoLC)20387249 | ||
| 040 |
_aDLC _cWaU _dDLC |
||
| 042 | _apremarc | ||
| 043 | _aa-ii--- | ||
| 050 | 0 | 0 |
_aPK1701 _b.B44 |
| 100 | 1 | _aBhattacharjee, Tarapada. | |
| 245 | 1 | 0 | _aBaṅgasāhityera itihāsa. |
| 260 | _c[1962- | ||
| 300 |
_a v. _c23 cm. |
||
| 500 | _aIn Bengali. | ||
| 504 | _aBibliographical footnotes. | ||
| 650 | 0 |
_aBengali literature _xHistory and criticism. |
|
| 999 |
_c57480 _d57480 |
||